Programa de festa major : Madrid, abril, maig, 1987 Madrid, abril, maig, 1987
Publicado:
Barcelona :
Diputació de Barcelona : Ajuntament de Barcelona : Cercle Català de Madrid, DL 1987
Descripción Física:
15 p. : il., col. ; 22 cm
Otros Autores:
Cercle Català de Madrid
Materias:
Festes majors -- Programes
MARC
| LEADER | 00000nam a2200000Ia 4500 | ||
|---|---|---|---|
| 001 | 12805 | ||
| 008 | 160829s9999 xx 000 0 cat d | ||
| 080 | |a FU-14-42 | ||
| 110 | 1 | |a Barcelona (Catalunya : Província). |b Diputació |9 52408 | |
| 245 | |a Programa de festa major : |b Madrid, abril, maig, 1987 | ||
| 260 | |a Barcelona : |b Diputació de Barcelona : |b Ajuntament de Barcelona : |b Cercle Català de Madrid, DL 1987 | ||
| 300 | |a 15 p. : |b il., col. ; |c 22 cm | ||
| 650 | |a Festes majors |x Programes |9 26615 | ||
| 700 | |a Cercle Català de Madrid |9 26616 | ||
| 710 | 1 | |a Barcelona (Catalunya). |b Ajuntament |9 50981 | |
| 901 | |a Arxiu | ||
| 942 | |n 1 | ||
| 952 | |0 0 |1 0 |4 0 |6 FU1442 |7 1 |9 44079 |a Arxiu |b Arxiu |d 2016-12-01 |l 0 |o FU-14-42 |p 12805 |r 2016-12-01 00:00:00 |w 2016-12-01 |y ARXIU | ||
| 999 | |c 46659 |d 46659 | ||